Sports Quiz

Random Sports or MLB Quiz

MLB - Highest WAR, no HOF votes Quiz Stats

 Plays Quiz not verified by Sporcle

Score 0/20 Timer 10:00
0 Plays Today
Team(s) - Years Player % Correct
SEA/CAL 1984-99Mark Langston
78.4%
MON 1973-85Steve Rogers
78.4%
CAL/DET/TEX 1973-93Frank Tanana
75.8%
CLE/PIT/SDP 1995-2009Brian Giles
74.5%
HOU/LAD 1963-77Jimmy Wynn
72.5%
KCR 1967-84Amos Otis
71.2%
STL/PIT 1983-95Andy Van Slyke
68%
STL 1990-2004Ray Lankford
68%
MIL/KCR/STL 1971-87Darrell Porter
64.7%
CAL/TOR 1985-2001Devon White
64.1%
Team(s) - Years Player % Correct
MON/BAL 1970-84Ken Singleton
62.7%
CHW/SEA/NYM/SDP/MIL 1995-2011Mike Cameron
60%
CLE 1961-75Sam McDowell
56.9%
NYM/TEX 1971-83Jon Matlack
56.2%
SFG/PHI 1972-86Garry Maddox
50.3%
STL/LAD/BOS 1998-2011J.D. Drew
50%
DET 1960-75Dick McAuliffe
45.8%
CIN/STL/KC 1991-2007Reggie Sanders
43.8%
PHI/BOS/STL 1964, 66-82Rick Wise
34%
TEX/HOU/BOS 1978-98Danny Darwin
31.4%

You're not logged in!

Compare scores with friends on all Sporcle quizzes.
OR
Log In

Sporcle TV

Today on Sporcle TV


Watch our educational content, quiz creation guides, and fun videos on Sporcle TV.

Show Comments

Extras

Top Quizzes Today


Score Distribution

Your Account Isn't Verified!

In order to create a playlist on Sporcle, you need to verify the email address you used during registration. Go to your Sporcle Settings to finish the process.

Report this User

Report this user for behavior that violates our Community Guidelines.

Details: